[Event "VIII Festival Hotel Petra A"]
[Site "Roma ITA"]
[Date "2007.10.30"]
[Round "2"]
[White "Hunt, Adam C."]
[Black "Gerardi, Saverio"]
[Result "1-0"]
[WhiteElo "2464"]
[BlackElo "2156"]
[PlyCount "61"]
[EventDate "2007.10.29"]

1. e4 c5 2. Nf3 Nc6 3. d4 cxd4 4. Nxd4 e6 5. Nc3 Qc7 6. Be3 a6 7. Bd3 b5 8.
Nxc6 dxc6 9. O-O Bb7 10. a4 b4 11. Nb1 Nf6 12. Nd2 c5 13. Qe2 h5 14. h3 h4 15.
Bg5 Be7 16. e5 Qc6 17. f4 Nh5 18. Be4 Qd7 19. Bxb7 Qxb7 20. Ne4 Ng3 21. Nxg3
Bxg5 22. fxg5 hxg3 23. g6 O-O 24. Rxf7 Rxf7 25. Qh5 Qd7 26. Qh7+ Kf8 27. gxf7
Qd4+ 28. Kh1 Kxf7 29. Rf1+ Qf2 30. Qd3 Rd8 31. Rxf2+ 1-0

[Event "VIII Festival Hotel Petra A"]
[Site "Roma ITA"]
[Date "2007.10.30"]
[Round "2"]
[White "Ibba, Isacco"]
[Black "Marta, Daniele"]
[Result "1-0"]
[WhiteElo "2202"]
[BlackElo "2073"]
[PlyCount "107"]
[EventDate "2007.10.29"]

1. e4 e6 2. Nf3 d5 3. Nc3 Nf6 4. e5 Nfd7 5. d4 b6 6. Bd3 Be7 7. Ne2 Ba6 8. c4
Bxc4 9. Bxc4 dxc4 10. Qa4 O-O 11. O-O Qc8 12. Qxc4 Qa6 13. Qc2 Rc8 14. Bg5 Bxg5
15. Nxg5 Nf8 16. Qe4 h6 17. Qxa8 c6 18. b4 hxg5 19. b5 Qxb5 20. Qb7 Qa6 21.
Qxa6 Nxa6 22. Rac1 c5 23. Rc3 Nb4 24. dxc5 Rxc5 25. Rxc5 bxc5 26. Rc1 Nd7 27.
Ng3 Nxa2 28. Ra1 Nb4 29. Rxa7 Nxe5 30. Ra5 Ned3 31. Ne4 f6 32. Nxc5 Nxc5 33.
Rxc5 Nd5 34. g3 Kf7 35. Kg2 Kg6 36. Kf3 Ne7 37. Ke4 Nf5 38. Rc6 Kf7 39. Rc7+
Kg6 40. Rd7 Nh6 41. h3 Nf7 42. Re7 f5+ 43. Kd4 Kf6 44. Rd7 Nh8 45. Kc5 Ng6 46.
Kd6 f4 47. Rd8 Kf7 48. Ra8 e5 49. Kd5 Ke7 50. Ra7+ Kf8 51. Ke6 Kg8 52. Kf5 Kh7
53. Kxg5 fxg3 54. fxg3 1-0

[Event "VIII Festival Hotel Petra A"]
[Site "Roma ITA"]
[Date "2007.10.30"]
[Round "2"]
[White "Isonzo, David"]
[Black "Hanly, Steven"]
[Result "1-0"]
[WhiteElo "2339"]
[BlackElo "1998"]
[PlyCount "83"]
[EventDate "2007.10.29"]

1. e4 e6 2. d4 d5 3. Nc3 dxe4 4. Nxe4 Bd7 5. Nf3 Bc6 6. Bd3 Nd7 7. O-O Be7 8.
Re1 Ngf6 9. Ng3 O-O 10. Qe2 Bxf3 11. Qxf3 c6 12. c3 Rc8 13. a4 a5 14. Re2 Bd6
15. Bg5 h6 16. Ne4 Be7 17. Bf4 Nxe4 18. Qxe4 Nf6 19. Qf3 Nd5 20. Bd2 Bd6 21.
Qg4 Nf6 22. Qh3 Qc7 23. Bxh6 Bxh2+ 24. Kh1 Bf4 25. Bxf4 Qxf4 26. Kg1 g6 27. g3
Qf3 28. Re3 Qg4 29. Qh6 Rcd8 30. Re5 Rd5 31. Be2 Rxe5 32. Bxg4 Nxg4 33. Qf4 Rh5
34. Qxg4 Kg7 35. Kg2 Rfh8 36. Re1 Rh2+ 37. Kf3 R8h5 38. Re5 f5 39. Qf4 g5 40.
Qe3 f4 41. Qe4 fxg3 42. fxg3 1-0

[Event "VIII Festival Hotel Petra A"]
[Site "Roma ITA"]
[Date "2007.10.30"]
[Round "2"]
[White "Llopis De Aysa, Manuel"]
[Black "Castelfranchi, Carlo"]
[Result "1/2-1/2"]
[WhiteElo "2230"]
[BlackElo "2083"]
[PlyCount "140"]
[EventDate "2007.10.29"]

1. d4 Nf6 2. Bg5 Ne4 3. Bf4 c5 4. f3 Qa5+ 5. c3 Nf6 6. Nd2 cxd4 7. Nb3 Qb6 8.
Qxd4 Nc6 9. Qxb6 axb6 10. Nd4 e5 11. Nxc6 exf4 12. Nd4 d5 13. g3 fxg3 14. hxg3
Bd6 15. Kf2 Bd7 16. e3 O-O 17. Bd3 Rfe8 18. Nge2 Re5 19. Nc2 Bf5 20. Bxf5 Rxf5
21. Ned4 Re5 22. a3 Bc5 23. Rae1 Rae8 24. Nb4 g6 25. Nd3 R5e7 26. Nf4 h5 27.
Nd3 Kf8 28. Nb4 Rd7 29. Nbc2 Rde7 30. Nb4 Rd7 31. Rd1 Rde7 32. Rhe1 Re5 33. Nd3
R5e7 34. Nb4 Re5 35. Nd3 R5e7 36. Rc1 Rc8 37. Nb5 Rce8 38. Nd4 Bd6 39. b4 h4
40. gxh4 Nh5 41. f4 Nf6 42. Kf3 Ne4 43. Rc2 Rc7 44. Nb5 Rc6 45. Nf2 Be7 46.
Nxe4 dxe4+ 47. Ke2 Bxh4 48. Rd1 Rd8 49. Rxd8+ Bxd8 50. c4 Bf6 51. Nd4 Rc8 52.
c5 bxc5 53. Rxc5 Rxc5 54. bxc5 Be7 55. Nb3 Ke8 56. Kd2 Kd7 57. Kc3 Kc6 58. Kc4
b6 59. Nd4+ Kc7 60. cxb6+ Kxb6 61. a4 Bh4 62. Kd5 Ka5 63. Kxe4 Kxa4 64. Nf3 Be7
65. Ne5 f5+ 66. Kd5 g5 67. Ke6 gxf4 68. exf4 Bh4 69. Kxf5 Bg3 70. Ke4 Bxf4
1/2-1/2

[Event "VIII Festival Hotel Petra A"]
[Site "Roma ITA"]
[Date "2007.10.30"]
[Round "2"]
[White "Marotta, Michele"]
[Black "Barlocco, Carlo"]
[Result "1-0"]
[WhiteElo "2012"]
[BlackElo "2134"]
[PlyCount "43"]
[EventDate "2007.10.29"]

1. e4 Nc6 2. Nc3 e6 3. Nf3 Bb4 4. Ne2 e5 5. c3 Be7 6. d4 exd4 7. Nexd4 Nf6 8.
Nxc6 bxc6 9. e5 Ne4 10. Qa4 Nc5 11. Qg4 Ne6 12. Bd3 d5 13. Nd4 Nxd4 14. Qxg7
Bf5 15. Qxh8+ Kd7 16. Bxf5+ Nxf5 17. Qxh7 Nh4 18. Qxf7 Qh8 19. e6+ Kd8 20. O-O
Qf6 21. Qg8+ Qf8 22. Qxf8+ 1-0

[Event "VIII Festival Hotel Petra A"]
[Site "Roma ITA"]
[Date "2007.10.30"]
[Round "2"]
[White "Palermo, Stefano"]
[Black "Salvador, Roland"]
[Result "0-1"]
[WhiteElo "2071"]
[BlackElo "2456"]
[PlyCount "58"]
[EventDate "2007.10.29"]

1. e4 c5 2. Nf3 Nc6 3. Nc3 Nf6 4. d4 cxd4 5. Nxd4 e5 6. Ndb5 d6 7. Bg5 a6 8.
Na3 b5 9. Bxf6 gxf6 10. Nd5 Bg7 11. c3 f5 12. Bd3 Ne7 13. Nxe7 Qxe7 14. Qh5 d5
15. exf5 e4 16. O-O Be5 17. Rae1 Bb7 18. f3 O-O-O 19. f6 Qe6 20. fxe4 dxe4 21.
Bc2 Rd2 22. Re2 Rhd8 23. Nb1 Rxe2 24. Qxe2 Bc7 25. Bb3 Qe5 26. g3 Bb6+ 27. Kg2
e3+ 28. Kh3 Be4 29. Bxf7 Bd3 0-1

[Event "VIII Festival Hotel Petra A"]
[Site "Roma ITA"]
[Date "2007.10.30"]
[Round "2"]
[White "Parpinel, Marco"]
[Black "Quimi, Marco"]
[Result "1/2-1/2"]
[WhiteElo "2137"]
[BlackElo "2270"]
[PlyCount "97"]
[EventDate "2007.10.29"]

1. e4 c5 2. a3 g6 3. d4 cxd4 4. c3 d3 5. Bxd3 Nc6 6. Nf3 Bg7 7. O-O Nf6 8. Bg5
O-O 9. Qc1 Re8 10. c4 d6 11. h3 Be6 12. Bh6 Na5 13. Bxg7 Kxg7 14. Nbd2 Rc8 15.
Nd4 a6 16. Nxe6+ fxe6 17. Qe1 e5 18. Kh2 Qb6 19. b4 Nc6 20. Qe3 Qxe3 21. fxe3
a5 22. Rfb1 b6 23. Bc2 axb4 24. axb4 Ra8 25. Ba4 Rec8 26. Bxc6 Rxa1 27. Rxa1
Rxc6 28. Ra7 Kf7 29. Rb7 Rc8 30. Rxb6 Ra8 31. b5 Ra2 32. Nb3 Nxe4 33. Ra6 Rb2
34. Ra3 Ke6 35. b6 Nc5 36. Nxc5+ dxc5 37. Ra6 Kf5 38. Kg3 Ke4 39. Ra5 Rxb6 40.
Rxc5 Rf6 41. Ra5 Rc6 42. Ra7 Kxe3 43. Rxe7 e4 44. Rxh7 Ke2 45. Rd7 e3 46. c5
Rxc5 47. Re7 Rg5+ 48. Kh4 Rxg2 49. Rxe3+ 1/2-1/2

[Event "VIII Festival Hotel Petra A"]
[Site "Roma ITA"]
[Date "2007.10.30"]
[Round "2"]
[White "Passerotti, Pierluigi"]
[Black "Korneev, Oleg"]
[Result "0-1"]
[WhiteElo "2320"]
[BlackElo "2587"]
[PlyCount "108"]
[EventDate "2007.10.29"]

1. c4 e5 2. g3 Nc6 3. Bg2 Nf6 4. Nc3 Bc5 5. a3 O-O 6. e3 a6 7. Nge2 d6 8. b4
Ba7 9. Bb2 Ne7 10. O-O Ng6 11. Rc1 c6 12. d4 exd4 13. Nxd4 Bg4 14. Nce2 Qd7 15.
Qd2 Bh3 16. Rfd1 Bxg2 17. Kxg2 Ne4 18. Qc2 Rfe8 19. Ng1 Rad8 20. f3 Nf6 21. e4
d5 22. Nf5 Ne5 23. cxd5 cxd5 24. Qc7 Bb8 25. Qxd7 Nexd7 26. exd5 g6 27. Nh6+
Kf8 28. Rc2 Be5 29. d6 Bxb2 30. Rxb2 Ne5 31. Rd4 b5 32. Rbd2 Nc4 33. R2d3 Re6
34. d7 Re7 35. Ng4 Rexd7 36. Rxd7 Rxd7 37. Nf2 Rxd3 38. Nxd3 Nd7 39. Ne2 Nxa3
40. Nc3 Ke7 41. Ne4 Nc2 42. g4 f6 43. Kf2 Ne5 44. Nec5 Nxd3+ 45. Nxd3 Kd6 46.
Ke2 Kd5 47. h4 Kc4 48. Nf4 Nxb4 49. Nxg6 hxg6 50. h5 gxh5 51. gxh5 Nd5 52. h6
Ne7 53. h7 Ng6 54. Ke3 f5 0-1

[Event "VIII Festival Hotel Petra A"]
[Site "Roma ITA"]
[Date "2007.10.30"]
[Round "2"]
[White "Piscopo, Pierluigi"]
[Black "Rossi, Aldo A."]
[Result "1/2-1/2"]
[WhiteElo "2365"]
[BlackElo "2204"]
[PlyCount "61"]
[EventDate "2007.10.29"]

1. e4 e5 2. Nf3 Nc6 3. Bb5 a6 4. Ba4 Nf6 5. O-O Be7 6. Qe2 b5 7. Bb3 O-O 8. c3
d6 9. Rd1 d5 10. d3 Bg4 11. exd5 Nxd5 12. Qe4 Be6 13. Nxe5 Nxe5 14. Qxe5 Re8
15. Nd2 Bd6 16. Qh5 Nf4 17. Qf3 Nxd3 18. Ne4 Bxb3 19. axb3 Nxc1 20. Raxc1 Bxh2+
21. Kf1 Qh4 22. Rd7 Bf4 23. Rcd1 Rad8 24. g4 Rxd7 25. Rxd7 h5 26. gxh5 Rxe4 27.
Qxe4 Qh3+ 28. Ke2 Qxd7 29. Qxf4 Qe6+ 30. Kd3 Qxb3 31. Qxc7 1/2-1/2

[Event "VIII Festival Hotel Petra A"]
[Site "Roma ITA"]
[Date "2007.10.30"]
[Round "2"]
[White "Sbarra, Marco"]
[Black "Scalcione, Michelangelo"]
[Result "0-1"]
[WhiteElo "2220"]
[BlackElo "2357"]
[PlyCount "68"]
[EventDate "2007.10.29"]

1. d4 Nf6 2. c4 g6 3. Nc3 Bg7 4. e4 d6 5. Nf3 O-O 6. Be2 e5 7. d5 Na6 8. Bg5 h6
9. Bh4 g5 10. Bg3 Nh5 11. Nd2 Nf4 12. O-O Nc5 13. Bg4 Bxg4 14. Qxg4 h5 15. Qf5
Ng6 16. f3 Nd3 17. Qh3 Ndf4 18. Bxf4 exf4 19. Ne2 Bxb2 20. Rab1 Bf6 21. Qxh5
Kg7 22. Qg4 Rh8 23. e5 Bxe5 24. Rxb7 Rh4 25. Qf5 Rh6 26. Ne4 Nh4 27. Qg4 f5 28.
Qxg5+ Rg6 29. Qxd8 Rxg2+ 30. Kh1 Rxd8 31. Rxc7+ Kh6 32. N4c3 Bxc3 33. Nxc3 Rdg8
34. Re1 R8g6 0-1

[Event "VIII Festival Hotel Petra A"]
[Site "Roma ITA"]
[Date "2007.10.30"]
[Round "2"]
[White "Tosoni, Augusto"]
[Black "Andreoni, Giuseppe"]
[Result "1/2-1/2"]
[WhiteElo "2255"]
[BlackElo "2009"]
[PlyCount "42"]
[EventDate "2007.10.29"]

1. e4 c5 2. Nf3 d6 3. d4 cxd4 4. Nxd4 Nf6 5. Nc3 a6 6. Bg5 e6 7. f4 Nbd7 8. Qf3
Qc7 9. O-O-O Be7 10. g4 b5 11. Bxf6 Nxf6 12. g5 Nd7 13. f5 Nc5 14. f6 gxf6 15.
gxf6 Bf8 16. Rg1 Bb7 17. a3 Nd7 18. Rg7 Qc5 19. Kb1 Qe5 20. Rg4 h5 21. Rg1 Nxf6
1/2-1/2

[Event "VIII Festival Hotel Petra A"]
[Site "Roma ITA"]
[Date "2007.10.30"]
[Round "2"]
[White "Vuelban, Virgilio"]
[Black "Lava, Giovanni"]
[Result "1/2-1/2"]
[WhiteElo "2399"]
[BlackElo "2221"]
[PlyCount "96"]
[EventDate "2007.10.29"]

1. e4 c5 2. Nf3 e6 3. c3 d5 4. exd5 exd5 5. d4 Nc6 6. Bb5 Bd6 7. O-O Nge7 8.
Nbd2 O-O 9. dxc5 Bxc5 10. Nb3 Bb6 11. Bd3 Bf5 12. Re1 Re8 13. Bg5 Qd6 14. Rxe7
Nxe7 15. Bxe7 Qxe7 16. Bxf5 Qe2 17. Qxe2 Rxe2 18. Rb1 Rxf2 19. Nbd4 Re2 20. Kf1
Ree8 21. Rd1 a5 22. a4 Rad8 23. Bc2 Rd7 24. Bb3 g6 25. Ne2 Red8 26. Ne5 Rd6 27.
Nf4 Rf6 28. g3 g5 29. Ng4 Rdd6 30. Nxf6+ Rxf6 31. Bxd5 gxf4 32. g4 Be3 33. b4
b6 34. h4 Kf8 35. Kg2 Rd6 36. Kf3 h6 37. h5 Ke7 38. Ke4 Kf6 39. Rd3 Kg5 40. Kf3
f5 41. gxf5 Kxf5 42. bxa5 bxa5 43. c4 Ke5 44. Rc3 Bc5 45. Rc2 Rb6 46. Re2+ Be3
47. Rg2 Bc5 48. Re2+ Be3 1/2-1/2

[Event "VIII Festival Hotel Petra A"]
[Site "Roma ITA"]
[Date "2007.10.31"]
[Round "3"]
[White "Andreoni, Giuseppe"]
[Black "Calavalle, Giulio"]
[Result "1/2-1/2"]
[WhiteElo "2009"]
[BlackElo "2238"]
[PlyCount "46"]
[EventDate "2007.10.29"]

1. e4 c5 2. Nf3 Nc6 3. d4 cxd4 4. Nxd4 Nf6 5. Nc3 e6 6. Ndb5 d6 7. Bf4 e5 8.
Bg5 a6 9. Bxf6 gxf6 10. Na3 b5 11. Nd5 Be6 12. c3 Bxd5 13. exd5 Nb8 14. Qh5 Qb6
15. Nc2 Nd7 16. Bd3 Rg8 17. Bf5 Qb7 18. Ne3 h6 19. O-O Rg5 20. Qe2 Be7 21. f4
Rg7 22. Bc2 Nb6 23. a4 Nc4 1/2-1/2

[Event "VIII Festival Hotel Petra A"]
[Site "Roma ITA"]
[Date "2007.10.31"]
[Round "3"]
[White "Bellincampi, Stefano"]
[Black "D'Andrea, Stefano"]
[Result "1-0"]
[WhiteElo "2003"]
[BlackElo "2105"]
[PlyCount "81"]
[EventDate "2007.10.29"]

1. e4 e6 2. d4 d5 3. Nd2 dxe4 4. Nxe4 Nd7 5. Nf3 Ngf6 6. Nxf6+ Nxf6 7. c3 Be7
8. Bd3 c5 9. dxc5 Bxc5 10. O-O O-O 11. Bg5 Be7 12. Qe2 Qc7 13. Rad1 Rd8 14. Ne5
b6 15. Bxh7+ Nxh7 16. Rxd8+ Bxd8 17. Bxd8 Ba6 18. Bxc7 Bxe2 19. Re1 Bb5 20. Nf3
Rc8 21. Bf4 Rd8 22. b3 Nf8 23. c4 Bc6 24. Ne5 Bb7 25. f3 f6 26. Ng4 e5 27. Be3
Ne6 28. Nf2 Kf7 29. Rd1 Rxd1+ 30. Nxd1 g5 31. Nc3 f5 32. Nb5 Ke7 33. Nxa7 Nd4
34. Bxd4 exd4 35. Nb5 d3 36. Kf2 f4 37. Ke1 g4 38. Nd4 Kf6 39. Kd2 g3 40. hxg3
fxg3 41. Kxd3 1-0

[Event "VIII Festival Hotel Petra A"]
[Site "Roma ITA"]
[Date "2007.10.31"]
[Round "3"]
[White "Bove, Alessandro"]
[Black "Llopis De Aysa, Manuel"]
[Result "1/2-1/2"]
[WhiteElo "2195"]
[BlackElo "2230"]
[PlyCount "170"]
[EventDate "2007.10.29"]

1. d4 d6 2. c4 e5 3. dxe5 dxe5 4. Qxd8+ Kxd8 5. Nc3 Be6 6. e4 Nd7 7. Be3 Bc5 8.
Bxc5 Nxc5 9. Nf3 f6 10. Be2 a5 11. O-O Ne7 12. Rfd1+ Kc8 13. Rac1 b6 14. Nd5
Nc6 15. Bd3 Bg4 16. Bb1 Kb7 17. Rc3 Rhd8 18. h3 Bxf3 19. Rxf3 Nd4 20. Re3 c6
21. Nc3 Nde6 22. Ree1 Rxd1 23. Rxd1 Rd8 24. Rxd8 Nxd8 25. a3 Nde6 26. b4 axb4
27. axb4 Na6 28. Na2 Nd4 29. Kf1 Kc7 30. Ke1 Kd6 31. Kd2 Nc7 32. g3 Nce6 33.
Ke3 Nc7 34. Bd3 Ke7 35. Nc3 Na6 36. b5 Nc5 37. bxc6 Nxc6 38. Nd5+ Kd6 39. Nxb6
Ne6 40. Na4 Ncd4 41. h4 Nc5 42. Nb2 Nce6 43. Na4 Nc5 44. Nb2 Nd7 45. Kd2 Nc5
46. Kc3 Kc6 47. f4 Nde6 48. f5 Nd4 49. Nd1 Nd7 50. Nf2 Nc5 51. Bf1 Kb6 52. Kb4
Nc6+ 53. Ka3 Ka5 54. Be2 Nd4 55. Bh5 Nc2+ 56. Kb2 Nd4 57. Kc3 Na4+ 58. Kd2 Kb4
59. Bf7 Nb2 60. Nd3+ Nxd3 61. Kxd3 Nb3 62. Bg8 h6 63. Bd5 Nc5+ 64. Kc2 Na4 65.
g4 Nc5 66. Kd2 Na4 67. Kc2 Nc5 68. Kd2 Kb3 69. Ke3 Kc3 70. Ke2 Kd4 71. Kf3 Nb3
72. Ke2 Na5 73. c5 Kxc5 74. Kd3 Kb4 75. Kc2 Nc4 76. Kd3 Nb2+ 77. Kc2 Na4 78.
Kd3 Kc5 79. Bb3 Nb6 80. Be6 Na8 81. Bf7 Nc7 82. Bc4 Nb5 83. Bxb5 Kxb5 84. Kc3
Kc5 85. h5 Kb5 1/2-1/2

[Event "VIII Festival Hotel Petra A"]
[Site "Roma ITA"]
[Date "2007.10.31"]
[Round "3"]
[White "Caprio, Guido"]
[Black "Passerotti, Pierluigi"]
[Result "1-0"]
[WhiteElo "2071"]
[BlackElo "2320"]
[PlyCount "91"]
[EventDate "2007.10.29"]

1. e4 e6 2. d4 d5 3. Nc3 Bb4 4. Bd3 dxe4 5. Bxe4 Nf6 6. Bd3 O-O 7. Nf3 b6 8.
O-O Bb7 9. a3 Be7 10. Bf4 Nbd7 11. Qe2 c5 12. Nb5 Bxf3 13. Qxf3 cxd4 14. Nxd4
Nc5 15. Nc6 Qe8 16. Bb5 a6 17. Nxe7+ Qxe7 18. Bc6 Rac8 19. Rad1 e5 20. Bg5 e4
21. Bxf6 gxf6 22. Qg3+ Kh8 23. Qd6 Qxd6 24. Rxd6 Rfd8 25. Rfd1 Rxd6 26. Rxd6 f5
27. g3 Kg7 28. b4 Ne6 29. c4 Kf6 30. Bd5 Rb8 31. Rd7 a5 32. h4 axb4 33. axb4 b5
34. c5 Ke5 35. Bxe6 fxe6 36. Rxh7 Kd5 37. h5 Kc4 38. c6 Kxb4 39. h6 Kc5 40. c7
Rc8 41. Rd7 Kc6 42. Rd1 e3 43. fxe3 b4 44. h7 b3 45. Rb1 Rh8 46. Rc1+ 1-0

[Event "VIII Festival Hotel Petra A"]
[Site "Roma ITA"]
[Date "2007.10.31"]
[Round "3"]
[White "Castelfranchi, Carlo"]
[Black "Gerardi, Saverio"]
[Result "1/2-1/2"]
[WhiteElo "2083"]
[BlackElo "2156"]
[PlyCount "83"]
[EventDate "2007.10.29"]

1. e4 c5 2. Nf3 Nc6 3. d4 cxd4 4. Nxd4 e6 5. Nc3 Qc7 6. Be3 a6 7. Be2 b5 8.
Nxc6 dxc6 9. O-O Bb7 10. f4 Nf6 11. e5 Nd5 12. Nxd5 cxd5 13. f5 Rc8 14. fxe6
fxe6 15. Bg4 Qxe5 16. Qf3 Qxe3+ 17. Qxe3 Bc5 18. Rae1 Kd8 19. Qxc5 Rxc5 20. Rf7
Bc8 21. Rxg7 Rxc2 22. b4 h5 23. Bxe6 Re8 24. Rg8 Rxg8 25. Bxg8 Rxa2 26. Bxd5
Rb2 27. Re4 Rd2 28. Re5 h4 29. Bf3 Kc7 30. Rc5+ Kb8 31. Rd5 Rc2 32. Rd4 Rc4 33.
Rxc4 bxc4 34. Kf2 Bf5 35. Ke3 c3 36. Be2 Ka7 37. g4 Bg6 38. g5 Kb6 39. Bf1 a5
40. bxa5+ Kxa5 41. Bd3 c2 42. Bxc2 1/2-1/2

[Event "VIII Festival Hotel Petra A"]
[Site "Roma ITA"]
[Date "2007.10.31"]
[Round "3"]
[White "Corvi, Marco"]
[Black "Ibba, Isacco"]
[Result "1-0"]
[WhiteElo "2336"]
[BlackElo "2202"]
[PlyCount "67"]
[EventDate "2007.10.29"]

1. e4 d5 2. exd5 Qxd5 3. Nc3 Qa5 4. d4 Nf6 5. Bc4 Bf5 6. Nge2 e6 7. O-O c6 8.
Re1 Bd6 9. Ng3 O-O 10. Nxf5 Qxf5 11. h3 Nbd7 12. Bd2 Bf4 13. g4 Qg5 14. h4 Bh2+
15. Kxh2 Qxh4+ 16. Kg2 Nxg4 17. Qf3 Qh2+ 18. Kf1 Ndf6 19. Bf4 Qh5 20. Kg2 Rad8
21. Rad1 Rd7 22. Qg3 Nd5 23. Bxd5 exd5 24. f3 Nh6 25. Rh1 Qg6 26. Bxh6 gxh6 27.
Rxh6 Rd6 28. Rxg6+ Rxg6 29. Re1 Kg7 30. Re7 Rb8 31. Kf2 Rxg3 32. Kxg3 Kf6 33.
Re5 Rg8+ 34. Kf2 1-0

[Event "VIII Festival Hotel Petra A"]
[Site "Roma ITA"]
[Date "2007.10.31"]
[Round "3"]
[White "Di Lascio, Savino"]
[Black "Colombo, Paolo"]
[Result "0-1"]
[WhiteElo "2004"]
[BlackElo "2147"]
[PlyCount "142"]
[EventDate "2007.10.29"]

1. Nf3 Nf6 2. g3 d6 3. Bg2 c6 4. d3 e5 5. O-O Be7 6. e4 O-O 7. Nc3 Nbd7 8. Nh4
Nc5 9. b4 Ne6 10. Nf5 Re8 11. a4 Bf8 12. b5 d5 13. exd5 cxd5 14. Re1 Bb4 15.
Bd2 Qa5 16. Nb1 Bxd2 17. Qxd2 Qc7 18. Qc3 Nc5 19. Nh4 Bg4 20. h3 d4 21. Qb4 Be6
22. Nf3 Bd5 23. Nbd2 Rac8 24. a5 Ncd7 25. Rac1 h6 26. Kf1 Qc5 27. Qb2 Qd6 28.
c4 dxc3 29. Rxc3 Nc5 30. Qa3 b6 31. axb6 axb6 32. Nc4 Bxc4 33. dxc4 e4 34. Nh4
g6 35. Rcc1 Ra8 36. Qe3 Nd3 37. Rcd1 Qe6 38. Rxd3 Qxc4 39. Qd4 Qxd3+ 40. Qxd3
exd3 41. Bxa8 Rxa8 42. Nf3 Rd8 43. Nd2 Nd5 44. Rb1 Rc8 45. Rb3 Rc1+ 46. Kg2 Rc3
47. Kf3 f5 48. Rxc3 Nxc3 49. Nc4 Nd5 50. g4 Kg7 51. gxf5 gxf5 52. Nb2 Nc3 53.
Nc4 Nxb5 54. Ke3 Nc3 55. Nxb6 Ne4 56. Nc4 Kf6 57. f3 Nc5 58. Nb2 Kg5 59. Nxd3
Nxd3 60. Kxd3 Kf4 61. Ke2 Kg3 62. Ke3 h5 63. h4 Kxh4 64. Kf4 Kh3 65. Kxf5 h4
66. f4 Kg3 67. Kg5 h3 68. f5 h2 69. Kf6 h1=Q 70. Kg7 Qb7+ 71. Kg6 Qe4 0-1

[Event "VIII Festival Hotel Petra A"]
[Site "Roma ITA"]
[Date "2007.10.31"]
[Round "3"]
[White "Guidi, Maurizio"]
[Black "Sbarra, Marco"]
[Result "0-1"]
[WhiteElo "2078"]
[BlackElo "2220"]
[PlyCount "62"]
[EventDate "2007.10.29"]

1. e4 e5 2. d4 exd4 3. Qxd4 Nc6 4. Qe3 Nf6 5. Nc3 Bb4 6. Bd2 O-O 7. O-O-O Re8
8. Qg3 Rxe4 9. a3 Ba5 10. f3 Re8 11. h4 d5 12. h5 Nd4 13. Bd3 Nf5 14. Bxf5 Bxf5
15. Bh6 g6 16. Bg5 Bxc3 17. bxc3 Re6 18. Qh4 Qe7 19. Qb4 c5 20. Qh4 c4 21. Bxf6
Rxf6 22. Qd4 Qxa3+ 23. Kd2 Re6 24. h6 f6 25. g4 Bxc2 26. Kxc2 Qa2+ 27. Kc1 Qa3+
28. Kc2 Qb3+ 29. Kc1 Rd8 30. Qd2 Rb6 31. Qc2 Qa3+ 0-1

[Event "VIII Festival Hotel Petra A"]
[Site "Roma ITA"]
[Date "2007.10.31"]
[Round "3"]
[White "Hanly, Steven"]
[Black "Tosoni, Augusto"]
[Result "1/2-1/2"]
[WhiteElo "1998"]
[BlackElo "2255"]
[PlyCount "61"]
[EventDate "2007.10.29"]

1. d4 Nf6 2. Nf3 g6 3. Nc3 d5 4. Bf4 Bg7 5. e3 O-O 6. Be2 c6 7. Ne5 Nbd7 8. h4
Nxe5 9. Bxe5 b5 10. h5 Qa5 11. hxg6 hxg6 12. f3 b4 13. Nb1 b3+ 14. Nc3 bxc2 15.
Qxc2 Bf5 16. Bd3 Bxd3 17. Qxd3 Nd7 18. Bxg7 Kxg7 19. Kf2 Rab8 20. b3 Rh8 21.
Na4 Rxh1 22. Rxh1 Rh8 23. Rxh8 Kxh8 24. Qc3 Qa6 25. Qb4 Kg7 26. Qxe7 Nf8 27.
Qc5 Qd3 28. Qc3 Qb1 29. Qb2 Qd1 30. Qe2 Qa1 31. Qb2 1/2-1/2

[Event "VIII Festival Hotel Petra A"]
[Site "Roma ITA"]
[Date "2007.10.31"]
[Round "3"]
[White "Korneev, Oleg"]
[Black "Isonzo, David"]
[Result "1-0"]
[WhiteElo "2587"]
[BlackElo "2339"]
[PlyCount "65"]
[EventDate "2007.10.29"]

1. e4 c5 2. Nf3 d6 3. d4 cxd4 4. Nxd4 Nf6 5. Nc3 a6 6. Be3 e5 7. Nb3 Be6 8. f3
h5 9. Qd2 Nbd7 10. O-O-O Be7 11. Kb1 Qc7 12. Nd5 Bxd5 13. exd5 O-O 14. g3 a5
15. a4 Nb6 16. Bxb6 Qxb6 17. Bb5 Ne8 18. Rhe1 Nc7 19. Bf1 Na6 20. h3 Nc5 21.
Nxc5 Qxc5 22. g4 Bh4 23. Re4 Qf2 24. Qd3 Bg5 25. Re2 Qh4 26. Rg2 Bf4 27. Qe2
hxg4 28. Rxg4 Qh7 29. Qe1 f5 30. Rxf4 exf4 31. Qe6+ Kh8 32. Qxd6 Qh5 33. Qxf4
1-0

[Event "VIII Festival Hotel Petra A"]
[Site "Roma ITA"]
[Date "2007.10.31"]
[Round "3"]
[White "Lava, Giovanni"]
[Black "Hunt, Adam C."]
[Result "0-1"]
[WhiteElo "2221"]
[BlackElo "2464"]
[PlyCount "115"]
[EventDate "2007.10.29"]

1. d4 Nf6 2. g3 g6 3. Bg2 d5 4. Nf3 Bg7 5. O-O O-O 6. c4 dxc4 7. Na3 c3 8. bxc3
c5 9. e3 Nc6 10. Qe2 Bf5 11. Bb2 e5 12. Nc4 e4 13. Nfe5 Nxe5 14. Nxe5 h5 15.
Qb5 Rc8 16. Ba3 b6 17. Rab1 Nd5 18. Qb3 Re8 19. c4 Ne7 20. Rbd1 Qc7 21. f3 cxd4
22. exd4 exf3 23. Bxf3 Bxe5 24. dxe5 Qxc4 25. Rc1 Qd4+ 26. Kh1 Be6 27. Qb5 Bc4
28. Qa4 b5 29. Qd1 Nf5 30. Re1 Rxe5 31. Rxe5 Qxe5 32. Bb4 Qd4 33. Qc2 Re8 34.
a4 Bd5 35. Bxd5 Qxd5+ 36. Qg2 Ne3 37. Qxd5 Nxd5 38. Bc5 bxa4 39. Bxa7 Ra8 40.
Bd4 a3 41. Kg2 a2 42. Kf3 f5 43. Ke2 Ra4 44. Ba1 Kf7 45. Rc5 Re4+ 46. Kf2 Nb4
47. Ra5 Rc4 48. h4 Rc1 49. Bh8 Ke6 50. Kf3 Rc4 51. Bg7 Rc1 52. Ra4 Rb1 53. Kf4
Rb3 54. Kg5 Rxg3+ 55. Kh6 Rb3 56. Kxg6 f4 57. Kxh5 f3 58. Bd4 0-1

[Event "VIII Festival Hotel Petra A"]
[Site "Roma ITA"]
[Date "2007.10.31"]
[Round "3"]
[White "Lazic, Miroljub"]
[Black "Burmakin, Vladimir"]
[Result "1/2-1/2"]
[WhiteElo "2492"]
[BlackElo "2593"]
[PlyCount "31"]
[EventDate "2007.10.29"]

1. Nf3 d5 2. b3 Bf5 3. Bb2 e6 4. g3 h6 5. Bg2 Nf6 6. O-O Be7 7. d3 O-O 8. Nbd2
Bh7 9. c4 c6 10. Rc1 Nbd7 11. Rc2 a5 12. a3 Qb6 13. Qa1 Rfd8 14. cxd5 cxd5 15.
Rfc1 Ne8 16. Ne5 1/2-1/2

[Event "VIII Festival Hotel Petra A"]
[Site "Roma ITA"]
[Date "2007.10.31"]
[Round "3"]
[White "Marotta, Michele"]
[Black "Parpinel, Marco"]
[Result "0-1"]
[WhiteElo "2012"]
[BlackElo "2137"]
[PlyCount "48"]
[EventDate "2007.10.29"]

1. e4 Nc6 2. Bc4 e6 3. Nc3 Bb4 4. Nf3 d6 5. O-O Nf6 6. Qe2 O-O 7. a3 Bxc3 8.
dxc3 Nd7 9. Bg5 Qe8 10. Rae1 Nb6 11. Bd3 e5 12. Nh4 Na4 13. Bb5 Nc5 14. Nf5 Ne6
15. Be7 Nf4 16. Qd2 Bxf5 17. Bxf8 Be6 18. Bxg7 Kxg7 19. g3 Nh3+ 20. Kg2 Qg8 21.
Re3 Kh8 22. Kh1 Qg5 23. f4 exf4 24. gxf4 Qxb5 0-1

[Event "VIII Festival Hotel Petra A"]
[Site "Roma ITA"]
[Date "2007.10.31"]
[Round "3"]
[White "Marta, Daniele"]
[Black "Zoldan, Matteo"]
[Result "1/2-1/2"]
[WhiteElo "2073"]
[BlackElo "2143"]
[PlyCount "37"]
[EventDate "2007.10.29"]

1. Nf3 d6 2. d4 Nf6 3. c4 g6 4. Nc3 Bg7 5. e4 O-O 6. Be2 Na6 7. O-O e5 8. d5
Nc5 9. Qc2 a5 10. b3 Nh5 11. Re1 f5 12. Nd2 Nf4 13. Bf1 Qf6 14. a3 Qg5 15. Re3
Nh5 16. Re1 Nf4 17. Re3 Nh5 18. Re1 Nf4 19. Re3 1/2-1/2

[Event "VIII Festival Hotel Petra A"]
[Site "Roma ITA"]
[Date "2007.10.31"]
[Round "3"]
[White "Palermo, Stefano"]
[Black "Ferri, Stefano"]
[Result "1-0"]
[WhiteElo "2071"]
[BlackElo "2178"]
[PlyCount "37"]
[EventDate "2007.10.29"]

1. e4 e6 2. d4 d5 3. f3 dxe4 4. fxe4 e5 5. Nf3 exd4 6. Bc4 Be6 7. Bxe6 fxe6 8.
O-O Be7 9. Nxd4 Qd6 10. Bf4 Qc5 11. Be3 Nf6 12. Nf5 Qe5 13. Bd4 Qxe4 14. Nxg7+
Kf7 15. Nc3 Qg6 16. Bxf6 Rd8 17. Qe2 Bxf6 18. Nh5 Nd7 19. Ne4 1-0